| 000 | 01489nac a22004097a 4500 | ||
|---|---|---|---|
| 001 | BR8001113 | ||
| 003 | BR-BrBNA | ||
| 005 | 20240105114623.0 | ||
| 008 | 230509b bl.|||m| |||| 00| 0 por d | ||
| 040 |
_aBR-BrBNA _bpor _cBiblioteca Nacional de Agricultura |
||
| 072 | _aE70; F00 | ||
| 090 | _a0430 BR8001113 | ||
| 110 | 1 |
_aComissao Estadual de Planejamento Agricola, Natal, RN (Brasil) _92056 |
|
| 245 | 1 | _aInforme conjuntural das principais culturas, setembro 1979 [Cebola; Tomate; Milho; Arroz; Mandioca; Feijao; Algodao; Batata; Alho; Estatistica comercial; Rio Grande do Norte; Brasil] | |
| 246 | 1 | _a[Conjunctural report on the main farm crops September 1979 [Onion; Tomato; Maize; Rice; Cassava; Bean; Cotton; Potato; Garlic; Commercial statistics; Rio Grande do Norte; Brazil]] | |
| 260 | 3 |
_aNatal, RN (Brasil): _c1979. |
|
| 300 | _a75 p. | ||
| 490 |
_aInforme Conjuntural das Principais Culturas - Comissao Estadual de Planejamento Agricola (Brazil) _v _x |
||
| 500 | _a31 tables | ||
| 650 | _aComercializacao | ||
| 650 | _aProducao vegetal | ||
| 650 | _aAbastecimento | ||
| 650 | _aAlgodao | ||
| 650 | _aBatata | ||
| 650 | _aFeijao | ||
| 650 | _aArroz | ||
| 650 | _aMandioca | ||
| 650 | _aTomate | ||
| 650 | _aCebola | ||
| 650 | _aAlho | ||
| 650 | _aMilho | ||
| 650 | _aEstatistica de producao | ||
| 650 | _aEstatistica comercial | ||
| 650 | _aRio Grande do Norte | ||
| 909 |
_a202312 _bLúcia Elande _c55 _dLúcia Elande |
||
| 942 |
_2AGRIS _n0 _cMS |
||
| 999 |
_c270384 _d270384 |
||